000 00292 a2200145 4500
001 190786
020 _a
040 _cMagnum
240 1 0 _aA lebre e a tartaruga
_lpor
245 1 0 _aA lebre e a tartaruga
300 _a16
362 0 _a1993
697 _aLITERATURA INFANTO
942 _cBK
999 _c190786
_d190786